| 000 | 00613nam a22001697a 4500 | ||
|---|---|---|---|
| 003 | MACL | ||
| 005 | 20160522130727.0 | ||
| 008 | 160522b xxu||||| |||| 00| 0 eng d | ||
| 040 | _cMACL | ||
| 041 | _aHindi | ||
| 082 | _a891.433 MAH | ||
| 100 |
_aमाहेश्वरी, प्रकाश _958763 |
||
| 245 |
_aअंत का आरम्भ तथा अन्य कहानियॉ _cप्रकाश माहेश्वरी |
||
| 260 |
_aनई दिल्ली _bआर्य बुक डिपो _c2005 |
||
| 650 |
_aकहानियॉ _957133 |
||
| 942 |
_2ddc _cHIN |
||
| 999 |
_c54062 _d54062 |
||